000
00272nam a22001097a 4500
008
160519b xxu||||| |||| 00| 0 eng d
020
_a
0131849107
041
_a
eng
080
_a
61
245
_a
Medical terminology:
_c
Bonnie F. Fremgen; Suzanne S. Frucht;
942
_2
udc
_c
BK
999
_c
2270
_d
2270